[Event "Torneo Internazionale"]
[Site "Tolosa FRA"]
[Date "1993.??.??"]
[Round "1"]
[White "Dunnington, Angus J."]
[Black "Belotti, Bruno"]
[Result "1/2-1/2"]
[WhiteElo "2390"]
[BlackElo "2410"]
[PlyCount "27"]
[EventDate "1993.??.??"]

1. d4 d6 2. Nf3 g6 3. e4 Bg7 4. c3 Nf6 5. Bd3 O-O 6. O-O c5 7. dxc5 dxc5 8. e5
Ng4 9. Bf4 Nc6 10. Re1 c4 11. Bxc4 Qxd1 12. Rxd1 Ncxe5 13. Nxe5 Nxe5 14. Be2
1/2-1/2

[Event "Torneo Internazionale"]
[Site "Tolosa FRA"]
[Date "1993.??.??"]
[Round "3"]
[White "Touzane, Olivier"]
[Black "Belotti, Bruno"]
[Result "1-0"]
[WhiteElo "2200"]
[BlackElo "2410"]
[PlyCount "55"]
[EventDate "1993.??.??"]

1. d4 Nf6 2. c4 c5 3. d5 b5 4. cxb5 a6 5. Nc3 axb5 6. e4 b4 7. Nb5 d6 8. Bf4 g5
9. Bxg5 Nxe4 10. Bf4 Bg7 11. Qe2 Nf6 12. Nxd6+ Kf8 13. Nxc8 Qxc8 14. d6 exd6
15. Bxd6+ Kg8 16. Nf3 Nbd7 17. Qc4 Qe8+ 18. Be2 Ne4 19. Rd1 Bxb2 20. O-O Bc3
21. Bc7 Ra7 22. Bf4 Nb6 23. Qd3 Qe6 24. Ng5 Nxg5 25. Qd8+ Kg7 26. Qxg5+ Qg6 27.
Qxc5 Rxa2 28. Rd6 1-0

[Event "Torneo Internazionale"]
[Site "Tolosa FRA"]
[Date "1993.??.??"]
[Round "4"]
[White "Belotti, Bruno"]
[Black "Elbilia, Jacques"]
[Result "0-1"]
[WhiteElo "2410"]
[BlackElo "2310"]
[PlyCount "106"]
[EventDate "1993.??.??"]

1. e4 e6 2. d3 d5 3. Nd2 Nf6 4. Ngf3 b6 5. g3 dxe4 6. dxe4 Bc5 7. Bb5+ c6 8.
Bd3 e5 9. Qe2 Qe7 10. Nc4 Ng4 11. O-O O-O 12. Kg2 b5 13. Na5 a6 14. a4 Be6 15.
Ng5 Bd7 16. Nb3 Bb6 17. h3 Nh6 18. Nf3 Kh8 19. Be3 Bxe3 20. Qxe3 f6 21. Qc5 Qe8
22. Qb6 Qc8 23. Rh1 Be8 24. Na5 Nd7 25. Qxc6 Nc5 26. Qxc8 Rxc8 27. axb5 Nxd3
28. cxd3 Bxb5 29. d4 Bd3 30. Rhe1 Rc2 31. b3 f5 32. Nxe5 fxe4 33. Nxd3 exd3 34.
Rf1 Nf5 35. Kf3 Re2 36. Kg4 Nxd4 37. f4 Nf5 38. Rf3 Ne3+ 39. Rxe3 Rxe3 40. Nc4
Re2 41. Rxa6 Rd8 42. Ra1 d2 43. Rd1 Rd3 44. b4 Rg2 45. Kf5 Rd4 46. Ne3 Re2 47.
Nf1 Rd5+ 48. Kg4 Rf2 49. Ne3 Rd3 50. Nc4 Rd4 51. Ne5 Re2 52. Ra1 h5+ 53. Kg5
Rxe5+ 0-1

[Event "Torneo Internazionale"]
[Site "Tolosa FRA"]
[Date "1993.??.??"]
[Round "7"]
[White "Pira, Davoud"]
[Black "Belotti, Bruno"]
[Result "1/2-1/2"]
[WhiteElo "2350"]
[BlackElo "2410"]
[PlyCount "144"]
[EventDate "1993.??.??"]

1. d4 Nf6 2. Nf3 g6 3. Nc3 Bg7 4. e4 d6 5. h3 O-O 6. Be3 a6 7. a4 b6 8. Bc4 e6
9. Qd2 Bb7 10. Bg5 d5 11. Bd3 dxe4 12. Nxe4 Nxe4 13. Bxe4 Qc8 14. Bxb7 Qxb7 15.
O-O c5 16. dxc5 bxc5 17. Bh6 Qxb2 18. Rab1 Qf6 19. Bxg7 Kxg7 20. Qd6 Rd8 21.
Qxc5 Nd7 22. Qa5 Rdc8 23. Rb7 Rc5 24. Qb4 a5 25. Qe4 Rd8 26. Rd1 Nf8 27. Rxd8
Qxd8 28. Ne5 Rc7 29. c4 Qd1+ 30. Kh2 Qd6 31. f4 g5 32. Rxc7 Qxc7 33. Qc6 Qxc6
34. Nxc6 gxf4 35. Nxa5 Nd7 36. Nc6 Nb6 37. a5 Nxc4 38. a6 Nb6 39. a7 f5 40. Ne5
Na8 41. Nd3 Kf6 42. Nxf4 e5 43. Nd3 Ke6 44. Kg3 Kd5 45. Kh4 Kd4 46. Ne1 Ke3 47.
Kg5 f4 48. h4 Kf2 49. Nd3+ Kxg2 50. Nxe5 f3 51. Ng4 f2 52. Ne3+ Kf3 53. Nf1 Ke4
54. Kf6 Kd5 55. Kg7 Kc6 56. Kxh7 Kb7 57. h5 Nc7 58. Kg6 Ne6 59. h6 Kxa7 60. Kf6
Nf8 61. Kf7 Nh7 62. Kg7 Ng5 63. Kg6 Ne6 64. Kf5 Nf8 65. Kf4 Kb7 66. Kf3 Kc6 67.
Kxf2 Kd6 68. Kf3 Ke6 69. Kg4 Nh7 70. Ne3 Kf7 71. Kf5 Kg8 72. Nd5 Kh8 1/2-1/2

[Event "Torneo Internazionale"]
[Site "Tolosa FRA"]
[Date "1993.??.??"]
[Round "9"]
[White "Belotti, Bruno"]
[Black "Goldgewicht, Lionel"]
[Result "1-0"]
[WhiteElo "2410"]
[BlackElo "2230"]
[PlyCount "47"]
[EventDate "1993.??.??"]

1. e4 e6 2. d4 d5 3. Nc3 Nf6 4. Bg5 Bb4 5. e5 h6 6. Bd2 Bxc3 7. bxc3 Ne4 8. Qg4
g6 9. Bd3 Bd7 10. Bc1 c5 11. Nf3 cxd4 12. Nxd4 Nc5 13. O-O Nxd3 14. cxd3 a6 15.
Ba3 Nc6 16. Bd6 Qg5 17. Qe2 Nxd4 18. cxd4 Qf4 19. Qb2 Bc6 20. Rac1 Rd8 21. Ba3
Qh4 22. g3 Qg5 23. h4 Qg4 24. Rxc6 1-0